000 00611nam a2200241Ia 4500
005 20250425160701.0
008 250425s9999 xx 000 0 und d
020 _a958653006X
041 _aspa
082 _a658.048
100 _aDENISON, EDWARD
245 0 _aCULTURA CORPORATIVA Y PRODUCTIVIDAD ORGANIZACIONAL
250 _a1A ED.
260 _aBOGOTA
260 _aColombia
_bLEGIS FONDO EDITORIAL
_c1991
300 _a238
500 _aserie empresarial
650 _aCULTURA ORGANIZACIONAL
650 _aEMPRESAS
650 _aRECURSOS HUMANOS-DESARROLLO
942 _c01
010 _a2227
999 _c194048
_d194048